000 00490nam a2200181Ia 4500
001 13238
005 20260306163039.0
008 260306t2017||||xx |||||||||||||| ||spa||
041 _aESP
082 _a001.42
_bF39F
100 _aFernández Flecha, María de los Ángeles
_eAUT
245 0 _aCómo iniciarse en la investigación académica:
_buna guía práctica
260 _c2017
300 _a199 páginas :
_c20 cm.
650 _aGEN
654 _aCHU
942 _cLIB
_dJUS
_fJUS
_2ddc
_n
999 _c13238
_d13238